LEADER 01338nam a2200265 i 4500 001 000000165331 003 CaOOAMICUS 005 20071015000000.0 008 071015s1934 it u000 u ita u 013 $a142699 040 $aSeMil$bita 100 1 $aPadovani, Umberto Antonio <1894-1968>.$0(OLS)http://semarc/name/401 245 10$aArturo Schopenhauer :$bl'ambiente, la vita, le opere /$cUmberto A. Padovani. 260 $aMilano :$bVita e Pensiero,$c1934. 300 $aX, 214 p. ;$c26 cm. 490 0 $aPubblicazioni della Università Cattolica del Sacro Cuore. Ser. 1., Scienze filosofiche ;$vVol.21. 490 0 $aPubblicazioni della Università Cattolica del Sacro Cuore 600 14$aSchopenhauer, Arthur <1788-1860>.$0(OLS)http://semarc/subject/15151 830 0$aPubblicazioni della Università Cattolica del Sacro Cuore. Ser. 1., Scienze filosofiche ;$vVol.21.$0(OLS)http://semarc/title/12644 830 0$aPubblicazioni della Università Cattolica del Sacro Cuore.$0(OLS)http://semarc/title/22052 850 $aSeMil 852 $aSeMil$W1$xVenegono$y1$m2P VI 372$j116525$B116525$CSeMilBibl$Z2$F127621 $81 961 $aRecupero: Altro 996 $6245$aArturo Schopenhauer :$bl'ambiente, la vita, le opere$9(OLS)http://semarc/title/236028 996 $6260$aMilano :$bVita e Pensiero$9(OLS)http://semarc/publisher/29642 LEADER 01124nam a2200229 i 4500 001 000000256024 003 CaOOAMICUS 005 20171102000000.0 008 171102s1889 it u000 u ita u 013 $a234932 040 $aSeMil$bita 100 1 $aNardini Despotti Mospignotti, Aristide <1826-1903>.$0(OLS)http://semarc/name/94616 245 10$aDel Duomo di Milano e della sua nuova facciata :$bstudi /$cdi Aristide Nardini Despotti Mospignotti. 260 $aMilano :$bTipo-lit. degli ingegneri,$c1889. 300 $a188 p., 5 c. di tav ripieg. :$bill. ;$c30 cm. 500 $aEstratto da: Il politecnico : giornale dell'ingegnere architetto civile ed industriale, 1889. 650 4$aMilano - Duomo.$0(OLS)http://semarc/subject/2739 650 4$aMilano - Duomo - Facciata.$0(OLS)http://semarc/subject/44668 850 $aSeMil 852 $aSeMil$W1$xVenegono$y1$m3O VI 90/16 FA$j206370$B206370$CSeMilBibl$Z2$F219711 $8I 996 $6245$aDel Duomo di Milano e della sua nuova facciata :$bstudi$9(OLS)http://semarc/title/412040 996 $6260$aMilano :$bTipo-lit. degli ingegneri$9(OLS)http://semarc/publisher/57628